000 00556nam a22001457a 4500
999 _c12752
_d12752
008 190131b ||||| |||| 00| 0 eng d
022 _a2094-8042
082 _2DPer 370.105 M72 Jan-Dec 2011 v59-60
100 _936200
_aForbed, Gilbert.
245 _aGrowth centered development versus people centered development:
_bits impact on educational delivery/
_cGilbert Forbed.
260 _aPhilippines:
_bIn the Grade School, Inc.,
_cc2011.
300 _av60 n3, pages 109-110:
_billustrations;
_c27cm.
650 _aSocial change.
_936201
942 _2ddc
_cPER